000
00302nam a2200121Ia 4500
008
220204s9999 xx 000 0 und d
082
_a
803
_b
ROS
100
_a
Roseler, R O
245
0
_a
German in review:A concise of grammar
250
_a
Ed.4
260
_a
New York
_b
Holt Rinehart
_c
1967
942
_c
BK
999
_c
28146
_d
28146